LEADER 00843nam a2200217 i 4500 001 000000135486 003 CaOOAMICUS 005 20050305000000.0 008 050305s1913 it u000 u ita u 013 $a108829 040 $aSeMil$bita 100 0 $aCaterina : da Siena,$c.$0(OLS)http://semarc/name/5985 245 10$a3 /$ccon note di Niccolò Tommaseo. 250 $a4. ed. 300 $a384 p., [4] p. di tav. 700 1 $aTommaseo, Niccolò,$d<1802-1874>.$0(OLS)http://semarc/name/454 773 0 $aMisciattelli, Piero$tLettere di S. Caterina da Siena.$dSiena : Giuntini Bentivoglio & C., 1913-1922.$w()13062 850 $aSeMil 852 $aSeMil$W1$xVenegono$y1$m1053 1 3 *$j89151$B89151$CSeMilBibl$Z2$F93890 $81 961 $aRecupero: Biblioteca Seminario Saronno 996 $6245$a3$9(OLS)http://semarc/title/47130 LEADER 01673nam a2200277 i 4500 001 000000239175 003 CaOOAMICUS 005 20150220000000.0 008 150220s1782 xx u000 u mul u 013 $a218080 026 $aR.TE sire r-e, inob (3) 1782 (R) 040 $aSeMil$bita 245 10$aLettres de notre Saint Père le Pape et de sa majesté l'Empereur, telles qu'elles ont paru dans le Supplément de la Gazette de Vienne, du 6 Mars 1782; suivies des Remonstrances du Cardinal Archevêque de Strigonie, .. En latin et en françois. 250 $aNouvelle édition soigneusement corrigée, avec des Notes en réponse à une lettre anonyme .. 260 $aA Rome :$b[s.n.],$c1782. 300 $a[4], 142 p., [1] carta di tav. ;$critr. ;$c8°. 500 $aRitr. xilogr. di papa Pio 6. sott. Viennae apud Artaria Societ. - Cors. ; rom. - Segn. : pg2 A-I8. 650 4$aSanta Sede - Diritto internazionale.$0(OLS)http://semarc/subject/4517 650 4$aPio VI - Attività diplomatica.$0(OLS)http://semarc/subject/5007 700 0 $aPius VI,$c.$0(OLS)http://semarc/name/12744 850 $aSeMil 852 $aSeMil$W1$xVenegono$y1$m3D II 102 FA$j189521$B189521$CSeMilBibl$Z2$F200315 $8I 900 0 $aPio VI$c. 996 $6245$aLettres de notre Saint Père le Pape et de sa majesté l'Empereur, telles qu'elles ont paru dans le Supplément de la Gazette de Vienne, du 6 Mars 1782; suivies des Remonstrances du Cardinal Archevêque de Strigonie, .. En latin et en françois$9(OLS)http://semarc/title/340594 996 $6260$aA Rome :$b[s.n.]$9(OLS)http://semarc/publisher/54419